| 000 | 00688nam a2200265Ia 4500 | ||
|---|---|---|---|
| 008 | 140626s9999 xx 000 0 und d | ||
| 100 | _aSteele, Janet. | ||
| 245 |
_aFrom fashion to the hereafter : _b Indonesia's Republika, a modern Islamic newspaper / _cJanet Steele |
||
| 260 | _cc2013. | ||
| 300 | _a40 : 1, page 27 | ||
| 440 | _aMedia Asia | ||
| 521 | _aMC | ||
| 650 | _aCommercial media. | ||
| 650 | _aCommunication. | ||
| 650 | _aDemocracy. | ||
| 650 | _aFashion. | ||
| 650 | _aGlobalization. | ||
| 650 | _aIndonesia. | ||
| 650 | _aIndonesian. | ||
| 650 | _aIslam. | ||
| 650 | _aJournalism. | ||
| 650 | _aMiddle class. | ||
| 650 | _aNewspaper. | ||
| 942 | _cSE | ||
| 999 |
_c121185 _d121185 |
||